Together with Physics-XI (Record no. 2695)
[ view plain ]
| 000 -LEADER | |
|---|---|
| fixed length control field | 00229nam a22000857a 4500 |
| 008 - FIXED-LENGTH DATA ELEMENTS--GENERAL INFORMATION | |
| fixed length control field | 160805b xxu||||| |||| 00| 0 eng d |
| 100 ## - MAIN ENTRY--PERSONAL NAME | |
| 9 (RLIN) | 43 |
| Personal name | Rangarajan R |
| 245 ## - TITLE STATEMENT | |
| Title | Together with Physics-XI |
| 260 ## - PUBLICATION, DISTRIBUTION, ETC. (IMPRINT) | |
| Place of publication, distribution, etc. | New Delhi |
| Name of publisher, distributor, etc. | R.S Publication |
| Date of publication, distribution, etc. | 2003 |
| Withdrawn status | Lost status | Source of classification or shelving scheme | Damaged status | Koha normalized classification for sorting | Not for loan | Home library | Current library | Shelving location | Date acquired | Total Checkouts | Total Renewals | Full call number | Barcode | Date last seen | Date last checked out | Price effective from | Koha item type |
|---|---|---|---|---|---|---|---|---|---|---|---|---|---|---|---|---|---|
| Dewey Decimal Classification | 530_000000000000000 | Good Samaritan School Library | Good Samaritan School Library | Physics | 08/05/2016 | 6 | 1 | 530 | RAN7550 | 11/25/2022 | 11/19/2022 | 08/05/2016 | BOOK |